000 00637nam a22002177a 4500
999 _c3315
_d3315
003 OSt
005 20231114103948.0
008 231114b ||||| |||| 00| 0 eng d
020 _a9789673770748
040 _cKH8
082 _a400 SUF
100 _aSufi Zulkifli,
_eauthor.
245 _aTempat Berlindung yang Selesa /
_cSufi Zulkifli.
260 _aJohor ;
_bPustaka Ewan ,
_c2014.
300 _a24 pages :
_bcolor illustrations ;
_c19 cm x 26 cm.
440 _aMari Pelajari Tentang Kehidupan
650 _aAnimal
_vFiction
650 _aChildren's stories
_vMalay
856 _uMari Pelajari Tentang Kehidupan
942 _2ddc
_cTR